| Tag |
First Indicator |
Second Indicator |
Subfields |
| LEADER |
00000nam a2200000Ia 4500 |
| 001 |
in00004244113 |
| 005 |
20200807092929.0 |
| 006 |
m g d |
| 007 |
cr bn |||a|bb| |
| 008 |
850315s1681 enk o 00| | eng d |
| 035 |
|
|
|a (OCoLC)11808549
|
| 040 |
|
|
|a EAA
|c EAA
|d m/c
|d WaOLN
|
| 037 |
|
|
|a CL0037000014
|b ProQuest Information and Learning. 300 N. Zeeb Rd., Ann Arbor, MI 48106
|
| 049 |
|
|
|a UMIA
|
| 100 |
1 |
|
|a Hallywell, Henry,
|d d. 1703?
|
| 245 |
1 |
0 |
|a Melampronoea, or, A discourse of the polity and kingdom of darkness :
|b together with a solution of the chiefest objections brought against the being of witches /
|c by Henry Hallywell.
|
| 260 |
|
|
|a London :
|b Printed for Walter Kettilby ...,
|c 1681.
|
| 300 |
|
|
|a 1 online resource ([16], 118 pages)
|
| 336 |
|
|
|a text
|b txt
|2 rdacontent
|
| 337 |
|
|
|a computer
|b c
|2 rdamedia
|
| 338 |
|
|
|a online resource
|b cr
|2 rdacarrier
|
| 500 |
|
|
|a Reproduction of original in Huntington Library.
|
| 510 |
4 |
|
|a Wing
|c H464
|
| 510 |
4 |
|
|a Arber's Term cat.
|c I 464
|
| 533 |
|
|
|a Electronic reproduction.
|b Ann Arbor, Mich. :
|c UMI,
|d 1999-
|f (Early English books online)
|n Digital version of: (Early English books, 1641-1700 ; 495:16)
|7 s1999 miun s
|
| 650 |
|
0 |
|a Witchcraft.
|
| 740 |
0 |
|
|a Melampronoea.
|
| 740 |
0 |
|
|a Discourse of the polity and kingdom of darkness.
|
| 830 |
|
0 |
|a Early English books online.
|
| 856 |
4 |
0 |
|u http://proxy.library.tamu.edu/login?url=https://search.proquest.com/docview/2240860806
|z Connect to the full text of this electronic book
|t 0
|
| 999 |
f |
f |
|s 3f94bd3d-60b0-3cec-9c28-df4fb620b479
|i 4986e4f0-d93f-370e-bc4f-34a8fab80712
|t 0
|
| 952 |
f |
f |
|a Texas A&M University
|b College Station
|c Electronic Resources
|d Available Online
|t 0
|h No information provided
|
| 998 |
f |
f |
|t 0
|l Available Online
|